Biodiversity and the ecosystem approach in agriculture, forestry and fisheries (Record no. 20950)

000 -LEADER
fixed length control field 01887nam a2200217Ia 4500
020 ## - INTERNATIONAL STANDARD BOOK NUMBER
ISBN 9251049173
040 ## - CATALOGING SOURCE
Transcribing agency FQG
082 ## - DEWEY DECIMAL CLASSIFICATION NUMBER
Classification number FAO BIO 2003 C132 Or.
110 2# - MAIN ENTRY--CORPORATE NAME
Corporate name or jurisdiction name as entry element Commission on Genetic Resources for Food and Agriculture.
245 10 - TITLE STATEMENT
Title Biodiversity and the ecosystem approach in agriculture, forestry and fisheries
246 1# - VARYING FORM OF TITLE
Title proper/short title Satellite event on the occasion of the Ninth Regular Session of the Commission on Genetic Resources for Food and Agriculture, Rome, 12-13 October 2002 : proceedings
300 ## - PHYSICAL DESCRIPTION
Number of Pages v, 312 pages :
Other physical details illustrations, maps ;
Dimensions 30 cm
500 ## - GENERAL NOTE
General note "TC/M/Y4586E/1/3.03/3000"--P. [4] of cover
520 ## - SUMMARY, ETC.
Summary, etc There are over 500 million farm management units in the world, overwhelmingly found in developing countries. FAO's ongoing field work in over 100,000 rural communities has found that all those farm managers can understand their farms, fields, forest, rangelands and fisheries as ecosystems. Farmers, even in the poorest and most food-insecure regions of the world, manage genes by their decision on crop varieties, manage species by their decisions on farm animals and manage ecosystems by their decision on soil pollination
520 ## - SUMMARY, ETC.
Summary, etc Farmers, fisherfolk, and forest dwellers not only understand and can apply ecosystem approaches in their decision-making, but also understand the potential impact of large-scale environmental threats to their livelihoods. FAO's biodiversity programmes apply ecosystem approaches to stimulate community level education and experiential learning by rural people. The same approaches educate national policy makers wishing to fulfill commitments made to environmental treaties while still meeting agricultural production demands
650 #0 - SUBJECT ADDED ENTRY--TOPICAL TERM
Topical Term Agrobiodiversity
650 #0 - SUBJECT ADDED ENTRY--TOPICAL TERM
Topical Term Biodiversity
650 #0 - SUBJECT ADDED ENTRY--TOPICAL TERM
Topical Term Agricultural ecology
710 2# - ADDED ENTRY--CORPORATE NAME
Corporate name or jurisdiction name as entry element Food and Agriculture Organization of the United Nations.
942 ## - ADDED ENTRY ELEMENTS (KOHA)
Koha item type ADB
952 ## - LOCATION AND ITEM INFORMATION (KOHA)
Withdrawn status [LOCAL, KOHA] 0
Holdings
Permanent Location Date acquired Koha item type Lost status Shelving location Barcode Current Location Full call number
Library Block A2023-01-18ADB A084a071129Library Block AFAO BIO 2003 A084 Or.
មជ្ឈមណ្ឌលឯការនៃសាកលវិទ្យាល័យភូមិន្ទកសិកម្មចំការដូង

Powered by Koha